[Event "EU-Cup 18th"]
[Site "Kallithea"]
[Date "2002.09.23"]
[Round "2.1"]
[White "Georgiev, Kiril"]
[Black "Luther, Thomas"]
[Result "1/2-1/2"]
[WhiteElo "2654"]
[BlackElo "2551"]
[Annotator "Ribli,Z"]
[PlyCount "71"]
[EventDate "2002.09.22"]
[EventType "team-swiss"]
[EventRounds "7"]
[EventCountry "GRE"]
[SourceTitle "CBM 092"]
[Source "ChessBase"]
[SourceDate "2003.02.06"]
[SourceVersion "1"]
[SourceVersionDate "2003.02.06"]
[SourceQuality "1"]
[WhiteTeam "Skopje Kisela Voda"]
[BlackTeam "Graz Merkur"]
[WhiteTeamCountry "MKD"]
[BlackTeamCountry "AUT"]

1. d4 e6 2. c4 Nf6 3. g3 d5 4. Bg2 dxc4 5. Nf3 Nc6 6. Qa4 Bb4+ 7. Bd2 Nd5 {
Der deutsche Grossmeister spielt seit vielen Jahren diese Variante.} 8. Bxb4 (
8. Qb5) 8... Ndxb4 9. a3 {Das ist die moderne Fortsetzung - jetzt wir koennen
grose Komplikationen sehen. Im Falle von 9.0-0 verläuft das Spiel ruhiger.} (9.
O-O Rb8 (9... a6 10. Ne5 O-O 11. Nxc6 Nxc6 12. Bxc6 bxc6 13. Qxc4 Rb8 14. b3 $1
(14. Qc3) 14... Qd6 15. Rc1 Bd7 16. Nd2 Rb4 17. Qxa6 Rxd4 18. Nc4 Qd5 19. Qa7
Rc8 20. Ne3 Qd6 21. Qc5 $14) 10. Nc3 a6 11. Ne5 O-O 12. Nxc6 Nxc6 13. Bxc6 bxc6
14. Qxc4 Qd6 (14... Rxb2) 15. Ne4 (15. e3 Rxb2 16. Rab1 Rb6 17. f4 a5 18. Qa4
Ba6 19. Rfd1 c5 20. Ne4 Qd5 21. Rxb6 Qxe4 22. Rxa6 Qxe3+ $11) (15. b3 Rb4 16.
Ne4 Rxc4 17. Nxd6 Rxd4 18. Nxc8 Rxc8 19. Rfc1 a5 20. Rxc6 a4 21. Rac1 g6 $11)
15... Qd5 16. Qc2 Qxd4 17. b3 $44) 9... b5 10. Qxb5 Nc2+ 11. Kf1 {Gewoehnlich
spielt Weiss den anderen Koenigszug (11.Kd2), aber der Textzug ist auch
moeglich.} (11. Kd2 Nxa1 12. Qxc6+ Bd7 13. Qxc4 c5 14. Qa2 Qa5+ 15. Nc3 cxd4
16. Nxd4 Rd8 17. Rxa1 e5 18. b4 Qb6 19. Nc2 Be6+ 20. Bd5 Qxf2 21. Rd1 {1/2-1/2
Georgiev,K-Timoshenko,G/Panormo 2001/CBM 84 ext (64)}) 11... Bd7 {[%cal Gd7b5]}
(11... Qd5 $4 12. Qa4 $18) (11... Nxa1 $2 12. Qxc6+ Bd7 13. Qxc4 Rb8 (13... a5
14. Qa2 Nc2 15. b3 $16) 14. b4 Ba4 15. Ne5 Rb6 16. Qc3 Nc2 17. e3 $16 {[%csl
Rc2]}) 12. Ra2 {Der a2R ist nicht der Stolz der weissen Stellung, aber es gibt
nichts anderes.} N6xd4 (12... N2xd4 13. Nxd4 Nxd4 14. Qc5 (14. Qe5 Nf5 15. Bxa8
Qxa8 16. f3 $14) 14... Nb3 15. Qxc4 Rb8 16. Bf3 O-O 17. Kg2 e5 18. Nc3 c6 19.
Rd1 Qe7 20. Bg4 Bxg4 21. Qxg4 Rfd8 22. e3 a5 23. a4 h6 24. Ra3 Rxd1 25. Qxd1
Qe6 {0-1 Bogdanovski,V-Dorfman,J/Cannes 1990/EXT 97 (54)}) (12... Qf6) 13. Qc5
(13. Qxc4 $2 Bb5 $19 {[%cal Rb5f1]}) (13. Qe5 f6 $13) 13... Qe7 $5 {[%mdl 4]
Schwarz moechte die Damen tauschen und die Stellung vereinfachen. Ich glaube,
dieser Zug ist das Ergebnis der häuslichen Analyse. Ich bemerke, dass die
Alternative 13...Nf5 auch gut spielbar ist .} (13... Nf5 14. Ne5 Rb8 15. Nc3
Rb6 16. e3 Ba4 17. Be4 Nd6 18. Bxc2 Bxc2 19. Kg2 O-O (19... Nb7 20. Qd4 Qxd4
21. exd4 Bb3 22. Raa1 f6 $17) 20. a4 Ne4 21. Nxe4 Bxe4+ 22. f3 Qd2+ 23. Kh3 Bd3
24. e4 Rxb2 25. Rxb2 Qxb2 {0-1 Karpov,A-Van Wely,L/Dubai 2002/CBM 89 (35)}) 14.
Qxe7+ (14. Qxc7 $6 Bc6 15. Qxe7+ Kxe7 $15) 14... Kxe7 15. Nxd4 Nxd4 16. Bxa8
Rxa8 {Schwarz hat nur einen Bauern fuer die Qualitaet, aber der a2R steht
schrecklich passiv und Schwarz hat fuehlbares Gegenspiel auf den weissfarbigen
Punkten.} 17. Nc3 (17. Nd2 Rd8 18. Nxc4 Bb5 19. b3 Nxb3 $132) 17... Nb3 $44 {
[%csl Ra2,Gb3,Gc4,Gd7][%mdl 1024] [#]Schwarz hat ausreichende Kompensation
fuer das Material - der b3N ist mindestens genauso stark wie der passive a2R.}
18. Kg2 Bc6+ 19. f3 Rd8 {Natuerlich muss Schwarz die einzige offene Linie
besetzen.} 20. Rd1 Rxd1 21. Nxd1 Kd6 {[%csl Ra2,Gb3,Gc6,Gd6] Alle schwarze
Figuren sind aktiv und der a2R kann nicht wirken.} 22. Kf2 (22. Ne3 Kc5 23. Nc2
a5 24. Na1 $2 Nc1 $19) 22... Kc5 23. Ke1 {Weiss bringt seinen Koenig in die
Gefahrenzone, aber gegen den b3-Springer kann Weiss nichts machen.} f5 24. Nc3
a5 (24... e5 $11) 25. a4 (25. Nb1 {[%cal Gb1d2,Gd2b3] Die Idee dieses Zuges
waere 26.Nd2, um den b3-Springer zu tauschen oder zu verjagen.} Nc1 26. Ra1 Nb3
$11) 25... e5 26. Kd1 {Weiss kontrolliert mit dem Koenig das c1-Feld und
moechte 27.Nb1 und 28.Nd2 ziehen.} Kd4 $11 {[%csl Gd4] Der weisse
Materialsvorteil hat keine Bedeutung - der schwarze Koenig steht ausgezeichnet
im Zentrum.} 27. Ra3 (27. Nb1 Ke3 $11) 27... e4 28. f4 (28. fxe4 fxe4 $11)
28... e3 (28... h6 $11 {[%cal Gg7g5]}) 29. Ke1 Kc5 30. Nd1 Kd4 31. h3 h5 32. h4
{Jetzt wir haben eine spezielle "Pattstellung" - beide Spieler haben das
Maximum erreicht und es ist unmoeglich die Stellung zu verstaerken. Im
Folgenden sehen wir nur noch Wartezuege.} Bg2 33. Nc3 {[%cal Gc3b5,Gb5c7,Gb5d4]
} c6 34. Kd1 Be4 35. Ra2 Bg2 36. Ra3 1/2-1/2

[Event "Groningen Harmonie"]
[Site "Groningen"]
[Date "2002.12.29"]
[Round "8"]
[White "Romero Holmes, Alfonso"]
[Black "Werle, Jan"]
[Result "1-0"]
[WhiteElo "2524"]
[BlackElo "2434"]
[Annotator "Ribli,Z"]
[PlyCount "49"]
[EventDate "2002.12.21"]
[EventType "tourn"]
[EventRounds "9"]
[EventCountry "NED"]
[EventCategory "10"]
[SourceTitle "CBM 093"]
[Source "ChessBase"]
[SourceDate "2003.04.01"]
[SourceVersion "1"]
[SourceVersionDate "2003.04.01"]
[SourceQuality "1"]

1. c4 Nf6 2. d4 e6 3. g3 d5 4. Bg2 dxc4 5. Nf3 Nc6 6. O-O {Dieser Zug wird
weniger gespielt als die Alternative 6.Qa4. Weiß beschäftigt sich nicht mit
dem c4-Bauern, sondern strebt nach schneller Entwicklung.} Rb8 {Die Idee des
Textzugs ist, dass Schwarz unter Tempogewinn b7-b5 spielen möchte, also unter
Einsparung des Sicherungszugs a6.} (6... a6) 7. Nc3 b5 8. Ne5 Nxe5 9. dxe5 Nd7
{Im Falle von 9...Qxd1 10.Rxd1 hätte Weiß eine große Initiative für den Bauern.
} (9... Nd5 10. Nxd5 exd5 11. Bxd5 Be6 12. e4 $14 (12. Bc6+ Bd7 13. Qd5 Bxc6
14. Qxc6+ Qd7 15. Qe4 $14)) 10. Qd4 {Dieser Damenzug ist das letzte Wort in
dieser Variante. Nachfolgend kann Weiß Qg4 (oder Qf4) spielen oder auch mit
Rd1 seinen positionellen Druck erhöhen.} (10. Bc6 a6 11. Qd4 Bb7 12. Bxb7 Rxb7
13. Rd1 c5 14. Qg4 Qc7 15. Bf4 Qc6 16. f3 f5 17. exf6 Nxf6 18. Qg5 Be7 (18...
Kf7 19. Be5 h6 20. Qf4 Be7 21. Ne4 Rd7 22. h4 Kg6 23. h5+ Kf7 24. g4 Rd5 25.
Nc3 Rdd8 26. Ne4 Rd5 27. Nc3 Rdd8 28. Ne4 {1/2-1/2 Rama,L-Rajkovic,D/Durres
2001/EXT 2002 (28)}) 19. Qxg7 (19. a3 O-O 20. Be5 Rf7 21. Qc1 Rd7 22. Rxd7 Nxd7
23. Bf4 Nf6 24. Kg2 Bd6 25. Bg5 Nd5 {0-1 Gazarek,D-Haba,P/Pardubice 2000/EXT
2001 (60)}) 19... Rg8 20. Qh6 Rg6 21. Qh3 b4 22. Nb1 Rd7 $5 $146 (22... c3 $5)
23. Nd2 c3 24. Nc4 cxb2 25. Nxb2 Rxd1+ 26. Rxd1 c4 27. Kf1 c3 28. Nd3 Qa4 {
0-1 Gleizerov,E-Werle,J/Hoogeveen 2000/CBM 78 ext/[Werle] (59)}) (10. Bf4 Bb7
11. Bxb7 Rxb7 12. Qc2 Be7 13. Rfd1 Qc8 14. Qe4 c6 15. Qf3 O-O 16. Ne4 f5 17.
exf6 Nxf6 18. Nd6 Bxd6 19. Bxd6 Rd8 20. e4 Rbd7 21. e5 Nd5 22. Qg4 Rf7 23. Bc5
a6 {1-0 Gleizerov,E-Rustemov,A/Bydgoszcz 2000/CBM 76 ext (42)}) 10... c5 11.
Qf4 {[%cal Gc3e4,Ge4d6] Das d6-Feld ist geschwächt in der schwarzen Stellung -
das möchte Weiß mit dem Manöver Ne4-Nd6+ demonstrieren, mit positionellem
Druck.} (11. Qg4 h5 12. Qf4 Qc7 13. a4 a6 14. axb5 axb5 15. Rd1 Be7 16. Nd5
exd5 17. Bxd5 O-O 18. e6 Ne5 19. exf7+ Kh8 20. Ra7 Qxa7 21. Qxe5 Bg4 22. h3 Bf6
23. Qe4 Qa4 24. Rf1 Rbd8 25. hxg4 c3 {Inkiov,V-Serafimov,T/Paris 2002/CBM 88
ext/1/2-1/2 (133)}) 11... Bb7 (11... Qc7 12. Rd1 Rb6 13. a4 b4 14. Nb5 Qb8 15.
Nd6+ Bxd6 16. exd6 O-O 17. a5 Ra6 18. Qxc4 Rxd6 19. Bf4 e5 20. Bg5 $44 {
1-0 Prakken,G-Ippolito,D/Ubeda 2000/CBM 75 (29)}) (11... Be7 $5 {Dieser
natuerliche Läuferzug kommt in Betracht.}) 12. Ne4 Qc7 13. a4 $1 $36 {[%mdl 4]
Mit diesem typischem Zug bringt Weiß eine neue Figur ins Spiel.} (13. Nd6+ Bxd6
14. exd6 Qb6 $13) 13... a6 (13... Nxe5 14. axb5 $36) 14. axb5 axb5 {[%csl Ga1]
[%cal Ga1a7] Jetzt kontrolliert Weiß die offene a-Linie, was noch große
Bedeutung haben wird.} 15. Ng5 Nb6 $6 {Schwarz bereitet 16...Nd5 vor, aber der
Textzug ist sehr passiv.} (15... Nxe5 {Dieser Zug sieht riskant aus, aber
stellt wohl die einzige praktische Chance fuer Schwarz dar.} 16. Bxb7 (16. Ra7
Bd6 17. Rd1 $44) 16... Rxb7 17. Ra8+ Ke7 18. Be3 $44 {[%csl Re7] Weiß hat sehr
aktives Figurenspiel und große Kompensation für das Material - der König steht
unsicher auf e7.}) 16. Ra7 $16 {[%cal Ga7h7] Die Fesselung auf der 7. Reihe
ist sehr unangenehm fuer Schwarz. Jetzt droht z.B. 17.Nxf7 Qxf7 18.Qxf7+ Kxf7
19.Bxb7.} Nd5 17. Bxd5 exd5 18. e6 $1 {[%csl Rf7][%cal Rf4b8][%mdl 64]} Bd6 19.
Qxf7+ (19. exf7+ Kd7 20. Qf5+ Kc6 21. Ne6 $16) 19... Kd8 (19... Qxf7 20. Nxf7
$18 {[%cal Rf7d6,Rf7h8]}) 20. Qf5 $18 {[%csl Rd8][%cal Rg5f7,Rf7d8] Jetzt
droht 21.Nf7+ und Schwarz hat keine Verteidigung mehr dagegen.} Rf8 21. Nf7+
Ke8 22. Nxd6+ Qxd6 23. Bf4 $1 $18 (23. Qxh7 Qxe6 24. Qxg7 $16) 23... Qxf4 (
23... Rxf5 24. Bxd6 Rd8 25. Bxc5 Rb8 (25... Rc8 26. Bb4 $1 (26. Rxb7 Rxc5 27.
Rxg7 $16)) 26. Rfa1 $18 {Jetzt droht 27.Rxb7 Rxb7 28.Ra8#.}) 24. Qh5+ (24. Qxf4
$6 Rxf4 25. gxf4 d4 $132 (25... Ke7 $132)) 24... g6 25. Qxh7 (25. Qxh7 Qd6 26.
Rxb7 Rxb7 27. Qxb7 Qxe6 28. Ra1 $18) 1-0

[Event "EU-Cup 18th"]
[Site "Kallithea"]
[Date "2002.09.24"]
[Round "3.1"]
[White "Azmaiparashvili, Zurab"]
[Black "Filippov, Valerij"]
[Result "1-0"]
[WhiteElo "2676"]
[BlackElo "2615"]
[Annotator "Ribli,Z"]
[PlyCount "75"]
[EventDate "2002.09.22"]
[EventType "team-swiss"]
[EventRounds "7"]
[EventCountry "GRE"]
[SourceTitle "CBM 092"]
[Source "ChessBase"]
[SourceDate "2003.02.06"]
[SourceVersion "1"]
[SourceVersionDate "2003.02.06"]
[SourceQuality "1"]
[WhiteTeam "Kiseljak"]
[BlackTeam "Tomsk 400"]
[WhiteTeamCountry "BIH"]
[BlackTeamCountry "RUS"]

1. d4 Nf6 2. c4 e6 3. Nf3 d5 4. g3 dxc4 5. Bg2 c6 {Dieser Zug ist wirklich ein
seltener Gast in der modernen Turnierpraxis.} 6. Ne5 (6. O-O) 6... c5 $6 {
Dieser Zug gefaellt mir nicht - Schwarz verliert ein wichtiges Tempo in einer
relativ scharfen Stellung. Die Alternative 6...Bb4+ bietet mehr Chancen fuer
Schwarz.} (6... Bb4+ $5) 7. Be3 Nd5 {Diese Stellung erinnert mich an die
Variante 5...a6 (statt 5...c6) 6.Ne5 (6.0-0 ist die Hauptvariante) 6...c5 7.
Be3 Nd5. In unserer Partiestellung Schwarz spielt dieselbe Variante, aber ohne
a7-a6.} 8. O-O (8. dxc5 Nd7 9. Nxc4 Nxe3 10. Nxe3 Bxc5 11. Nc4 Qc7 $11) 8...
Be7 {Dieser natuerliche Läuferzug scheint mir ein wenig schablonenhaft. Nach
meiner Meinung waere es besser zuerst den Damenfluegel zu entwickeln.} (8...
Nd7 $5 9. Nxc4 b5) 9. dxc5 Nxe3 (9... O-O 10. Bd4 Qc7 11. Na3 Bxc5 12. Naxc4 f6
13. Nf3 b5 14. Bxc5 Qxc5 15. Na5 Qb6 16. Qd2 b4 17. Nc4 Qa6 18. e4 {1-0
Gleizerov,E-Johansson,G/Stockholm 2000/CBM 79 ext (24)}) 10. Qxd8+ Bxd8 11.
fxe3 $14 {[%cal Gg2a8] Weiss hat scheinbar eine katastrophale Bauernstruktur,
aber bei guter Entwicklung hat er einen Bauern mehr und sein sogenannter
"katalanischer" Läufer auf g2 ist der Stolz der weissen Stellung. Schwarz hat
grosse Schwierigkeiten mit der Entwicklung des Damenfluegels.} Bf6 (11... O-O
12. Nxc4 $14) 12. Nxc4 Nd7 13. Nbd2 $1 {Weiss spielt einfach und gut - er
beschaeftigt sich nicht mit dem c-Bauern, sondern er strebt nach positionellem
Druck am Damenfluegel.} (13. c6 bxc6 14. Bxc6 Rb8 15. Nbd2 Ke7 $11) 13... Nxc5
14. Rac1 {[%csl Rc8][%cal Gc1c8,Gg2a8] Weiss hat eine starke Figurenstellung,
weil Schwarz Probleme mit der Entwicklung des c8-Läufers hat.} Ke7 (14... O-O
15. b4 Na6 16. a3 $16) 15. b4 Na6 16. a3 {[%csl Ra6,Rc8] Nach diesem Zug hat
Schwarz schon zwei "schlechte" Figuren - den a6N und den c8B.} Rb8 (16... Rd8
17. Ne4 $16) 17. Na5 {[%csl Ga5] Interessant, dass Schwarz zwar das Läuferpaar
hat, aber die weissen Springer viel aktiver sind. Der a5N steht besonders gut,
weil er den schwachen b7-Bauern angreigft und Schwarz kann nie b7-b6 spielen
wegen des Motivs Nc6+.} Rd8 (17... Bb2 18. b5 {[%csl Ra6]} Bxc1 19. Rxc1 Rd8
20. Ndb3 $16) 18. Rc2 {[%cal Gf1c1,Gc1c8][%mdl 32] Mit diesem ruhigen Turmzug
verteidigt Weiss den d2-Springer, vermeidet das Motiv Bb2 und bereitet die
Turmdoppelung auf der c-Linie vor.} (18. Ne4 $2 Bb2 19. Rc2 Bxa3 20. b5 $36)
18... Rd7 19. Rfc1 Kd8 20. Ndb3 {[%cal Gb3d4] Der b3N strebt nach d4. Die
schwarze Stellung ist sehr passiv und er hat keine Hoffnungen auf etwas
Gegenspiel.} (20. b5 $6 Nc7 (20... Nc5 21. Bc6 Rc7 22. Rxc5 b6 23. Rh5 bxa5 24.
Rxh7 $16) 21. Bc6 $36) 20... Rc7 {Schwarz moechte mit Tauschen seine Stellung
erleichtern.} (20... h6 $3 21. Nd4 Bxd4 22. exd4 Rxd4 23. b5 $18) 21. Nd4 Rxc2
22. Rxc2 Bxd4 (22... e5 $6 23. Nb5 $18 {[%cal Rb5a7]}) 23. exd4 $16 {[%csl Ga5,
Ra6,Rb8,Gc2,Rc8,Gg2] Jetzt hat Weiss grossen Positionsvorteil - alle seine
Figuren stehen sehr aktiv.} Nc7 24. Kf2 (24. Nc4 $16 {[%cal Gc4e5,Gc4d6]})
24... Nb5 $6 (24... f6 $5) 25. a4 Nc7 (25... Nd6 26. e4 $16 {[%cal Ge4e5]}) 26.
b5 {In den letzten paar Zuegen hat Weiss mehr Raum am Damenfluegel bekommen.}
Nd5 27. Nc4 {[%cal Gc4d6,Gc4e5]} Bd7 28. Ne5 f6 (28... Ke7 $2 29. Bxd5 exd5 30.
Rc7 $18) 29. Nd3 a6 (29... Rc8 30. Rxc8+ Kxc8 31. Bxd5 exd5 32. Nf4 {[%cal
Rf4d5]} a6 33. bxa6 bxa6 34. Nxd5 $16) 30. Bxd5 exd5 31. b6 $1 Bc6 (31... Bxa4
32. Rc7 $18 {[%csl Gc7][%cal Rc7h7,Rc7b7,Gd3c5]}) (31... Rc8 32. Nc5 $16 {
[%csl Gc5]}) {[#]} 32. Rxc6 $1 {[%mdl 512] Ein schoenes positionelles
Qualitaetsopfer, das die Partie gewinnt. Die weissen Bauern sind so stark am
Damenfluegel (mit der Unterstuetzung des Springers), dass der schwarze Turm
und Koenig machtlos sind.} bxc6 33. a5 {[%csl Ga5,Gb6,Rb8][%cal Gd3c5,Gc5a6]}
Rb7 (33... Kd7 34. Nc5+ Kd6 35. Nxa6 $18) 34. Nc5 Re7 35. Nxa6 Kc8 36. Nc5 Kb8
37. a6 $18 {[%csl Ga6,Gb6,Gc5]} Ka8 38. Ke1 (38. a7 $18) (38. Ke1 Kb8 (38...
Rf7 39. Ne6 $18 {[%cal Re6c7,Rc7a8]}) (38... Re8 39. Kd2 Re7 40. a7 $18 {
[%cal Rc5a6,Ra6c7,Rc7a8]}) 39. a7+ Ka8 40. Na6 $18 {[%cal Ra6c7,Rc7a8]}) 1-0

[Event "Nagykanizsa 1st"]
[Site "Nagykanizsa"]
[Date "2003.11.06"]
[Round "2"]
[White "Flumbort, Andras"]
[Black "Balogh, Csaba"]
[Result "1/2-1/2"]
[WhiteElo "2467"]
[BlackElo "2449"]
[Annotator "Ribli,Z"]
[PlyCount "55"]
[EventDate "2003.11.05"]
[EventType "tourn"]
[EventRounds "11"]
[EventCountry "HUN"]
[EventCategory "11"]
[SourceTitle "CBM 099"]
[Source "ChessBase"]
[SourceDate "2004.03.30"]
[SourceVersion "1"]
[SourceVersionDate "2004.03.30"]
[SourceQuality "1"]

1. Nf3 Nf6 2. c4 e6 3. g3 d5 4. d4 dxc4 {Dieser Zug führt zur Offenen Variante
der Katalanischen Verteidigung.} 5. Bg2 Nc6 6. O-O {Mit diesem Zug opfert Weiß
eigentlich einen Bauern. Die Alternative wäre 6.Qa4.} Rb8 (6... a6 $5) 7. e3 b5
8. b3 {Auf diese Weise tauscht Weiß den c4-Bauern, wonach er zwei offene
Linien (a- und c-Linie) am Damenflügel bekommt.} cxb3 9. axb3 (9. Nfd2 Na5 10.
Nxb3 Nxb3 11. axb3 a6 12. Bc6+ Nd7 13. d5 Qf6 14. Ra2 exd5 15. Qxd5 Bd6 16. Bb2
Qg6 17. Bd4 {1-0 Kozul,Z-Beliavsky,A/Bled 1998/EXT 2000 (42)}) 9... a6 10. Qe2
Be7 11. Rd1 {Weiß hat eine starke Zentrumstellung, er möchte e3-e4 ziehen.} (
11. Bb2 O-O 12. Rd1 Nb4 13. Nc3 (13. Nbd2 $5) 13... Bb7 14. e4 Qe8 15. Rac1 Rd8
(15... c5 16. e5 Nd7 17. Ne4 Bxe4 18. Qxe4 cxd4 19. Rxd4 a5 {0-1 Ostojic,
N-Abramovic,B/Belgrade 1998/EXT 2002 (32)}) 16. Qe3 h6 17. h4 Ng4 18. Qf4 f5
19. exf5 exf5 20. Qxc7 Rd7 21. Qb6 Rf6 22. Qa5 Qa8 23. d5 Rf7 24. Nd4 {1-0
Tratar,M-Tukmakov,V/Bled 1996/CBM 51 ext (63)}) 11... O-O 12. e4 (12. Bb2 Nb4
13. Nbd2 Bb7 14. e4 c5 15. e5 Nfd5 (15... Nd7) 16. dxc5 Bxc5 17. Ne4 Be7 18. h4
Qe8 19. Nfg5 h6 20. Qg4 $40 {1-0 Rustemov,A-Sax,G/Germany 2000/CBM 74 ext (28)}
) 12... Bb7 13. Bf4 (13. Nc3 Nb4 14. Bf4 {Mit Zugumstellung erhalten wir die
Partiefortsetzung.} (14. Bg5 $2 Nxe4 15. Nxe4 Bxe4 16. Qxe4 Bxg5 $17)) 13...
Nb4 $13 {[%csl Gb4][%mdl 4] Ein typisches Motiv der Variante - der Springer
steht (gut) auf b4. Weiß hat einige Initiative für den Bauern, aber ich bin
gar nicht sicher, ob dieser Ersatz genügend ist.} 14. Nc3 Rc8 15. Rac1 c5 {
Nach diesem Zug hat Schwarz keine Probleme mit dem Ausgleich, aber es wäre
interessant 15...Qe8!? zu spielen, um den Befreiungszug c7-c5 vorzubereiten.} (
15... Qe8 $5 16. Ne5 c5 17. dxc5 Bxc5 18. Bg5 Be7 $15) 16. dxc5 Qe8 17. Bd6 (
17. e5 Nd7 $15) 17... Nd7 {[%cal Gd7c5] Es scheint, dass Schwarz mit 18...Nxc5
den c5-Bauern gewinnt.} 18. Nxb5 $1 {[%mdl 64]} (18. Bxe7 Qxe7 19. Nxb5 Rxc5
$11 (19... axb5 {Dieser Zug führt - mit Zugumstellung - zu unserer
Partiefortsetzung.})) 18... axb5 19. Bxe7 Qxe7 20. Qxb5 {[%csl Gb5][%cal Rb5b7,
Rb5b4,Rb5d7] Weiß hat eine Figur weniger, aber jetzt hängen alle drei
schwarzen Leichtfiguren.} Nxc5 (20... Nd3 21. Rxd3 Nxc5 22. Rdc3 Nxe4 23. Rxc8
Rxc8 24. Rxc8+ Bxc8 25. Ne5 $14) 21. Qxb4 Bxe4 $11 {Nach einigen
Vereinfachungen ist eine gleiche Stellung entstanden.} 22. Ne5 {Weiß muss den
starken gegnerischen Läufer tauschen.} Bxg2 23. Kxg2 Qa7 {[%cal Rc5d3,Rd3b4,
Rd3c1] Schwarz befreit sich von der Fesselung und droht jetzt 24...Nd3 mit
Qualitätsgewinn.} 24. Rc4 (24. Qb5 $11) 24... Na6 25. Qc3 Qb7+ 26. Qf3 Qxf3+
27. Kxf3 Rxc4 28. Nxc4 1/2-1/2